000 00387nam a2200169Ia 4500
008 240830s2000 xx 000 0 und d
041 _aeng
082 _a617/ELL
100 _aELLIS BRAIN
245 _aHAMILTON BAILEYS EMERGENCY SURGERY
250 _a13 TH
260 _aLONDON
_bARNOLD
_c2000
300 _a804p
650 _aSURGERY
906 _aN.D.
999 _c1198711
_d1198711